Novum organum (Registro nro. 4973)

Detalles MARC
000 -LEADER
fixed length control field 00880 a2200205 4500
001 - CONTROL NUMBER
control field 50148
005 - DATE AND TIME OF LATEST TRANSACTION
control field 20260407155802.0
008 - FIXED-LENGTH DATA ELEMENTS--GENERAL INFORMATION
fixed length control field 260407a1949 arg spa d
003 - CONTROL NUMBER IDENTIFIER
control field AR-UNSa-BCEJYS
040 ## - CATALOGING SOURCE
Original cataloging agency AR-UNSa-BCEJYS
Language of cataloging spa
Transcribing agency AR-UNSa-BCEJYS
080 ## - UNIVERSAL DECIMAL CLASSIFICATION NUMBER
Universal Decimal Classification number 101.1
Common auxiliary subdivision Naturaleza de la filosofía. La filosofía como ciencia. La filosofía como arte (pensamiento filosófico)
100 1# - MAIN ENTRY--PERSONAL NAME
Personal name Bacon, Francis
245 10 - TITLE STATEMENT
Title Novum organum
264 #1 - PRODUCTION, PUBLICATION, DISTRIBUTION, MANUFACTURE, AND COPYRIGHT NOTICE
Place of production, publication, distribution, manufacture Buenos Aires :
Name of producer, publisher, distributor, manufacturer Losada
Date of production, publication, distribution, manufacture, or copyright notice 1949
300 ## - PHYSICAL DESCRIPTION
Extent 341 p.
Dimensions 20 cm.
505 ## - FORMATTED CONTENTS NOTE
Formatted contents note 1. Significado y contenido del Novum Organum por Risieri Frondizi - 2. Proemio a la Instauratio Magna - 3. Dedicatoria al Rey Jacobo I - 4. Prefacio a la Instauratio Magna - 5. Distributio Operis - 6. Prefacio del Novum Organum - 7. Libro I - 8. Libro II
590 ## - LOCAL NOTE (RLIN)
Local note niveau_biblio:m niveau_hierar:0
700 1# - ADDED ENTRY--PERSONAL NAME
Personal name Balmori, Clemente Hernando
942 ## - ADDED ENTRY ELEMENTS (KOHA)
Koha item type
Existencias
Withdrawn status Lost status Damaged status Not for loan Home library Current library Shelving location Date acquired Total checkouts Full call number Barcode Date last seen Price effective from Koha item type
        Biblioteca Prof. Eusebio Cleto del Rey Biblioteca Prof. Eusebio Cleto del Rey   07/04/2026   101.1 B128 L20544 07/04/2026 07/04/2026 Libro